000
00321nam a2200133Ia 4500
008
220613s9999||||xx |||||||||||||| ||und||
100
_a
Alm Albert
245
0
_a
Uveoscleral Outflow Biology And Clinical
250
_a
1st(1998)
260
_b
Mosby Wolf Spain
300
_a
99
650
_a
Ophthalmology
942
_c
SURG
999
_c
11478
_d
11478